[Event "U.S. Open"]
[Site "Orlando, Fla."]
[Date "1997.08.09"]
[Round "4"]
[White "Cohen, Michael"]
[Black "Moody, David"]
[Result "1/2-1/2"]
[WhiteElo "1679"]
[BlackElo "2049"]
[PlyCount "93"]
[EventDate "1997.08.03"]

1. d4 Nf6 2. Nf3 g6 3. c4 Bg7 4. Nc3 O-O 5. e4 d6 6. Be2 e5 7. O-O Nc6 8. d5
Ne7 9. Ne1 Nd7 10. f3 f5 11. Be3 f4 12. Bf2 g5 13. b4 Ng6 14. c5 Nf6 15. Rc1
Rf7 16. cxd6 cxd6 17. a4 h5 18. a5 g4 19. Nb5 g3 20. Bxa7 gxh2+ 21. Kh1 Ne8 22.
Bb6 Qg5 23. Nc7 Nxc7 24. Rxc7 h4 25. Rxf7 Kxf7 26. Qc2 h3 27. Bb5 Nh4 28. Qc7+
Kg8 29. Qd8+ Qxd8 30. Bxd8 hxg2+ 31. Nxg2 Nxg2 32. Kxg2 Bh3+ 33. Kxh3 Rxd8 34.
Kxh2 Rc8 35. Kh3 Kf7 36. a6 bxa6 37. Bxa6 Rc3 38. b5 Rb3 39. Kg4 Rb2 40. Rc1
Rh2 41. Rc7+ Kg6 42. Bc8 Rg2+ 43. Kh3 Rg3+ 44. Kh2 Rxf3 45. Bf5+ Kf6 46. Rc6
Ke7 47. Rc7+ 1/2-1/2

[Event "U.S. Open"]
[Site "Orlando, Fla."]
[Date "1997.08.10"]
[Round "6"]
[White "Peterson, Macauley"]
[Black "Moody, David"]
[Result "1-0"]
[WhiteElo "1727"]
[BlackElo "2049"]
[PlyCount "59"]
[EventDate "1997.08.03"]

1. e4 e5 2. f4 d5 3. exd5 e4 4. d3 Nf6 5. dxe4 Nxe4 6. Nf3 Bc5 7. Qe2 Qe7 8.
Nfd2 Bf2+ 9. Kd1 Bg4 10. Nf3 Bd4 11. Be3 Bxe3 12. Qxe3 c6 13. Bd3 Nc3+ 14. Kd2
Qxe3+ 15. Kxe3 Nxd5+ 16. Kf2 Nxf4 17. Re1+ Kd8 18. Bc4 f6 19. Nc3 Nd7 20. Rad1
Re8 21. Bf7 Re7 22. Bb3 Ke8 23. Rxe7+ Kxe7 24. Re1+ Kf8 25. Nd4 Re8 26. Rxe8+
Kxe8 27. Kg3 c5 28. Ndb5 c4 29. Nd6+ Ke7 30. Nxc4 1-0

[Event "U.S. Open"]
[Site "Orlando, Fla."]
[Date "1997.08.10"]
[Round "5"]
[White "Moody, David"]
[Black "Yagiz, Bora"]
[Result "1-0"]
[WhiteElo "2049"]
[BlackElo "1774"]
[PlyCount "43"]
[EventDate "1997.08.03"]

1. e4 c5 2. d4 cxd4 3. c3 e6 4. Nf3 d5 5. exd5 Qxd5 6. cxd4 Nf6 7. Nc3 Qd8 8.
Bc4 a6 9. O-O b5 10. Bb3 Bb7 11. Qe2 Be7 12. Ne5 Bd5 13. Nxd5 Nxd5 14. Re1 Nc7
15. Bf4 Nd5 16. Bd2 Nc7 17. Ba5 Rf8 18. Rac1 Ra7 19. Qc2 Bd6 20. Qxh7 g6 21.
Bxe6 Bxe5 22. Rxe5 1-0

[Event "Lansing August Mini-Swiss.1"]
[Site "?"]
[Date "1997.08.10"]
[Round "1"]
[White "Haluska, James"]
[Black "Aldrich, Jeff"]
[Result "1-0"]
[WhiteElo "2067"]
[BlackElo "2008"]
[PlyCount "53"]
[EventDate "1997.??.??"]

1. d4 d5 2. c4 c6 3. Nc3 Nf6 4. Nf3 e6 5. Bg5 dxc4 6. e3 b5 7. a4 b4 8. Ne4 Ba6
9. Rc1 c3 10. bxc3 bxc3 11. Qb3 c2 12. Ned2 Qb6 13. Qxc2 Nd5 14. Bxa6 Qxa6 15.
Qc4 Nb4 16. O-O Qxa4 17. Ne4 Nd7 18. Nc5 Nxc5 19. dxc5 Qb5 20. Qd4 f6 21. Bxf6
Qb7 22. Bh4 a5 23. Rfd1 Nd5 24. Qe5 Nf6 25. Bxf6 gxf6 26. Qxf6 Bg7 27. Qxe6+
1-0

[Event "Lansing August Mini-Swiss.1"]
[Site "?"]
[Date "1997.08.10"]
[Round "2"]
[White "Finegold, Ron"]
[Black "Aldrich, Jeff"]
[Result "0-1"]
[WhiteElo "2171"]
[BlackElo "2008"]
[PlyCount "80"]
[EventDate "1997.??.??"]

1. Nf3 d5 2. c4 c6 3. b3 Nf6 4. Bb2 e6 5. e3 Be7 6. Ne5 Nbd7 7. f4 dxc4 8. Bxc4
O-O 9. O-O Nb6 10. Nc3 Qc7 11. Qe1 Nxc4 12. Nxc4 Nd5 13. Qg3 f6 14. d4 b5 15.
Nd2 Bb7 16. Nde4 b4 17. Na4 Rae8 18. Nec5 Bd6 19. Rf3 Bc8 20. Raf1 Ne7 21. e4
Ng6 22. e5 fxe5 23. fxe5 Be7 24. Bc1 a5 25. Be3 Rd8 26. Qg4 Bxc5 27. Nxc5 Rd5
28. Nxe6 Qe7 29. Qxg6 Rxf3 30. Qg5 Rxf1+ 31. Kxf1 Qxe6 32. Qh4 Qf5+ 33. Ke1 c5
34. Qe7 cxd4 35. Bf2 Qe4+ 36. Kd2 Qf4+ 37. Ke1 Qc1+ 38. Ke2 d3+ 39. Kf3 Qd1+
40. Kg3 Qg4# 0-1

[Event "Lansing August Mini-Swiss.1"]
[Site "?"]
[Date "1997.08.10"]
[Round "3"]
[White "Aldrich, Jeff"]
[Black "Thompson, Dexter"]
[Result "0-1"]
[WhiteElo "2008"]
[BlackElo "2200"]
[PlyCount "54"]
[EventDate "1997.??.??"]

1. d4 d6 2. e4 Nf6 3. Nc3 g6 4. Nf3 Bg7 5. Bc4 O-O 6. O-O c6 7. Bf4 Bg4 8. h3
Bxf3 9. Qxf3 Qb6 10. Ne2 Qxb2 11. Rab1 Qxc2 12. Bd3 Qxa2 13. Rxb7 Qe6 14. Rfb1
a5 15. Rc7 Ne8 16. Rcb7 Na6 17. Bxa6 Rxa6 18. Qd3 Ra8 19. Nc3 a4 20. Ra1 a3 21.
Bc1 c5 22. Rxa3 Rxa3 23. Bxa3 Bxd4 24. Nd5 Bf6 25. e5 Qxe5 26. Bb2 Qe1+ 27. Kh2
Bxb2 0-1

[Event "U.S. Open"]
[Site "Orlando, Fla."]
[Date "1997.08.11"]
[Round "7"]
[White "Moody, David"]
[Black "Bern, Michael"]
[Result "1-0"]
[WhiteElo "2049"]
[BlackElo "1802"]
[PlyCount "65"]
[EventDate "1997.08.03"]

1. e4 d5 2. Nc3 dxe4 3. Nxe4 Bf5 4. Ng3 Bg6 5. Nf3 e6 6. Bc4 Nf6 7. h4 Bd6 8.
h5 Be4 9. Nxe4 Nxe4 10. Qe2 Nf6 11. h6 Rg8 12. d4 c6 13. Bg5 Qa5+ 14. c3 Nbd7
15. O-O-O gxh6 16. Bxf6 Nxf6 17. Ne5 Bxe5 18. dxe5 Ng4 19. f4 Qc5 20. Rd4 Rd8
21. Rhd1 Rxd4 22. Rxd4 Qb6 23. f5 h5 24. fxe6 fxe6 25. Bxe6 Rf8 26. Bd7+ Ke7
27. Bxg4 hxg4 28. Qd3 h5 29. e6 Rf2 30. Qh7+ Kxe6 31. Re4+ Kd5 32. c4+ Kc5 33.
Qe7# 1-0

[Event "U.S. Open"]
[Site "Orlando, Fla."]
[Date "1997.08.11"]
[Round "8"]
[White "Moody, David"]
[Black "Baldwin, David"]
[Result "1-0"]
[WhiteElo "2049"]
[BlackElo "1675"]
[PlyCount "75"]
[EventDate "1997.08.03"]

1. e4 e6 2. d4 d5 3. Nc3 Nf6 4. Bg5 Be7 5. e5 Nfd7 6. h4 Bxg5 7. hxg5 Qxg5 8.
Nh3 Qe7 9. Nf4 Nb6 10. Nh5 Rg8 11. Qg4 Qf8 12. Rh3 Kd8 13. Rg3 g6 14. Nf6 Rh8
15. Rh3 h5 16. Qh4 Qe7 17. g4 N8d7 18. gxh5 Nxf6 19. exf6 Qb4 20. O-O-O Rxh5
21. Qg3 Rxh3 22. Qxh3 Bd7 23. Qh8+ Be8 24. a3 Qd6 25. Bd3 Kd7 26. Nb5 Qf4+ 27.
Kb1 c6 28. Qf8 cxb5 29. Qe7+ Kc6 30. Qc5+ Kd7 31. Bxb5+ Kd8 32. Qe7+ Kc8 33.
Qxe8+ Kc7 34. Qxf7+ Kc8 35. Rh1 Kb8 36. Rh8+ Nc8 37. Rxc8+ Kxc8 38. Qd7+ 1-0

[Event "U.S. Open"]
[Site "Orlando, Fla."]
[Date "1997.08.12"]
[Round "9"]
[White "Alexopoulos, George"]
[Black "Moody, David"]
[Result "1-0"]
[WhiteElo "2201"]
[BlackElo "2049"]
[PlyCount "91"]
[EventDate "1997.08.03"]

1. e4 e5 2. Nf3 Nc6 3. d4 exd4 4. c3 d5 5. exd5 Qxd5 6. cxd4 Nf6 7. Nc3 Bb4 8.
Be2 O-O 9. O-O Bxc3 10. bxc3 Bf5 11. c4 Qd7 12. d5 Ne7 13. Ba3 Rfe8 14. Ne5 Qd8
15. f4 b5 16. cxb5 Nexd5 17. Bc4 Ne3 18. Bxf7+ Kh8 19. Bxe8 Qxe8 20. Qb3 Nxf1
21. Nf7+ Kg8 22. Nh6+ Kh8 23. Nf7+ Kg8 24. Nd6+ Qe6 25. Nxf5 Qxb3 26. axb3 Nd2
27. Bc5 Nxb3 28. Rxa7 Rd8 29. Rxc7 Rd1+ 30. Kf2 Ne4+ 31. Ke2 Nc3+ 32. Kf3 Nxb5
33. Rxg7+ Kh8 34. Rb7 N5d4+ 35. Bxd4+ Nxd4+ 36. Nxd4 Rxd4 37. g4 Rd3+ 38. Kg2
Ra3 39. h4 Ra2+ 40. Kf3 Ra3+ 41. Ke4 h5 42. g5 Ra4+ 43. Kf5 Ra6 44. g6 Ra5+ 45.
Kf6 Ra6+ 46. Kg5 1-0

[Event "U.S. Open"]
[Site "Orlando, Fla."]
[Date "1997.08.13"]
[Round "10"]
[White "Esserman, Marc"]
[Black "Moody, David"]
[Result "0-1"]
[WhiteElo "1725"]
[BlackElo "2049"]
[PlyCount "114"]
[EventDate "1997.08.03"]

1. d4 Nf6 2. Nf3 g6 3. c4 Bg7 4. Nc3 O-O 5. e4 d6 6. Be2 e5 7. O-O Nc6 8. d5
Ne7 9. Ne1 Nd7 10. f3 f5 11. Be3 f4 12. Bf2 g5 13. Rc1 Ng6 14. b4 Nf6 15. c5 g4
16. fxg4 f3 17. Bxf3 Nf4 18. cxd6 cxd6 19. a4 Rf7 20. a5 Bf8 21. h3 Rg7 22. Kh1
Qe8 23. Ne2 h5 24. gxh5 N6xh5 25. Nxf4 Nxf4 26. Nd3 Nxd3 27. Qxd3 Bd7 28. Qd2
Rh7 29. Be3 Qg6 30. Kh2 Be7 31. Qe2 a6 32. Rh1 Bh4 33. g4 Rf8 34. Qg2 Rhf7 35.
Be2 Rf2 36. Bxf2 Rxf2 37. Qxf2 Bxf2 38. Rhf1 Qg5 39. Rc3 Be3 40. Rc7 Bf4+ 41.
Kg2 Qh4 42. Rc3 Kg7 43. Rg1 Kf6 44. Rb1 Kg5 45. Rf1 Ba4 46. Ra1 Bc2 47. Rxc2
Qg3+ 48. Kf1 Qxh3+ 49. Ke1 Qh1+ 50. Bf1 Qxe4+ 51. Re2 Qxb4+ 52. Kf2 Qd4+ 53.
Kg2 Qxd5+ 54. Kf2 Qd4+ 55. Kg2 Qxa1 56. Rc2 Qxa5 57. Rc8 Qd2+ 0-1

[Event "U.S. Open"]
[Site "Orlando, Fla."]
[Date "1997.08.14"]
[Round "11"]
[White "Moody, David"]
[Black "Cavallo, Michael"]
[Result "1-0"]
[WhiteElo "2049"]
[BlackElo "2200"]
[PlyCount "75"]
[EventDate "1997.08.03"]

1. e4 e6 2. d4 d5 3. Nc3 Nf6 4. Bg5 Bb4 5. e5 h6 6. Bd2 Bxc3 7. bxc3 Ne4 8. Qg4
g6 9. Bd3 Nxd2 10. Kxd2 c5 11. Nf3 Nc6 12. h4 Qa5 13. Rae1 cxd4 14. Nxd4 h5 15.
Qf4 Nxd4 16. Qxd4 Bd7 17. Qb4 Qc7 18. Re3 O-O-O 19. Rb1 Bc6 20. Ke2 Rd7 21. Qd4
Qa5 22. Rb2 Rhd8 23. Qb4 Qa4 24. Rg3 d4 25. Qxa4 Bxa4 26. c4 Rc7 27. Be4 Bc6
28. Bxc6 Rxc6 29. Rgb3 Rd7 30. Kd3 b6 31. a4 f6 32. exf6 Rf7 33. a5 bxa5 34.
Rb8+ Kd7 35. Rg8 Rxf6 36. Rb7+ Kd6 37. Rd8+ Ke5 38. Rb5+ 1-0

[Event "U.S. Open"]
[Site "Orlando, Fla."]
[Date "1997.08.15"]
[Round "12"]
[White "Wilson, Elvin"]
[Black "Moody, David"]
[Result "1-0"]
[WhiteElo "2259"]
[BlackElo "2049"]
[PlyCount "57"]
[EventDate "1997.08.03"]

1. Nf3 Nf6 2. g3 g6 3. Bg2 Bg7 4. O-O O-O 5. d3 d6 6. e4 c5 7. Nbd2 Nc6 8. c3
b5 9. e5 Nd7 10. Ng5 Qb6 11. e6 Nde5 12. exf7+ Nxf7 13. Bd5 e6 14. Nxe6 Bxe6
15. Bxe6 Rae8 16. Bd5 Nce5 17. Ne4 Kh8 18. Be3 Nh6 19. Ng5 Nf5 20. Bf4 Nh6 21.
Ne6 Rf5 22. Nxg7 Kxg7 23. Be4 Rf7 24. Re1 Qd8 25. d4 Neg4 26. Qd2 Ref8 27. f3
d5 28. fxg4 Nxg4 29. Bf3 1-0

[Event "Michigan Open Reserve"]
[Site "Lansing, MI"]
[Date "1997.08.29"]
[Round "1.10"]
[White "Saenz, Scott"]
[Black "Treacy, Joe"]
[Result "0-1"]
[WhiteElo "1605"]
[BlackElo "1650"]
[PlyCount "52"]
[EventDate "1997.08.29"]

1. d4 Nf6 2. c4 c5 3. d5 b5 4. cxb5 a6 5. f3 g6 6. e4 d6 7. Bf4 Nbd7 8. Bd3 Bg7
9. Nc3 O-O 10. Nge2 Qb6 11. Na4 Qa7 12. Qb3 axb5 13. Bxb5 Ba6 14. Nac3 Rfb8 15.
Kf1 Rb6 16. Qc4 Bxb5 17. Nxb5 Qa6 18. Nec3 Nh5 19. e5 Nxe5 20. Bxe5 Bxe5 21. b3
Rxb5 22. Qxb5 Qxb5+ 23. Nxb5 Bxa1 24. a4 Nf6 25. Ke2 Be5 26. Rf1 c4 0-1

[Event "Michigan Open Reserve"]
[Site "Lansing, MI"]
[Date "1997.08.29"]
[Round "1.1"]
[White "Marson, Michael"]
[Black "Wyatt, David"]
[Result "1-0"]
[WhiteElo "1795"]
[BlackElo "1605"]
[PlyCount "75"]
[EventDate "1997.08.29"]

1. d4 g6 2. e4 Bg7 3. c4 c5 4. d5 d6 5. Nc3 Nf6 6. f4 O-O 7. Nf3 Bg4 8. Be2
Bxf3 9. Bxf3 Nfd7 10. O-O Na6 11. e5 dxe5 12. d6 Rb8 13. dxe7 Qxe7 14. Nd5 Qd8
15. Qa4 Nb6 16. Qb5 Nxd5 17. Bxd5 Qc7 18. f5 Kh8 19. f6 Bxf6 20. Rxf6 Kg7 21.
Rf2 Nb4 22. Bd2 a6 23. Qa4 b5 24. Qb3 Nxd5 25. cxd5 Qd6 26. Qe3 Qxd5 27. Qh6+
Kg8 28. Bg5 f5 29. h4 Qf7 30. Be3 Rbc8 31. Rd1 Qxa2 32. Rd7 Rf7 33. Rfd2 Qe6
34. R7d6 Qe7 35. h5 Qh4 36. hxg6 Qe1+ 37. Kh2 Rg7 38. Rd8+ 1-0

[Event "Kalamazoo Mini-Swiss (September)"]
[Site "Kalamazoo, Mich."]
[Date "1997.09.27"]
[Round "1"]
[White "Moody, David"]
[Black "Wysocki, Jason"]
[Result "0-1"]
[WhiteElo "2021"]
[BlackElo "2194"]
[PlyCount "36"]
[EventDate "1997.09.27"]

1. e4 c5 2. d4 cxd4 3. c3 Nf6 4. e5 Nd5 5. Nf3 Nc6 6. cxd4 d6 7. exd6 e6 8. Nc3
Nxc3 9. d7+ Bxd7 10. bxc3 Be7 11. Bd3 Bf6 12. Ba3 Qa5 13. Qb3 Nxd4 14. Nxd4
Bxd4 15. O-O Qxc3 16. Qxb7 Rd8 17. Bb5 Qxa3 18. Rad1 Qc5 0-1

[Event "Kalamazoo Mini-Swiss (September)"]
[Site "Kalamazoo, Mich."]
[Date "1997.09.27"]
[Round "2"]
[White "Estlick, Laurence"]
[Black "Moody, David"]
[Result "0-1"]
[WhiteElo "2010"]
[BlackElo "2021"]
[PlyCount "76"]
[EventDate "1997.09.27"]

{1/(2)} 1. d4 Nf6 2. c4 g6 3. Nc3 Bg7 4. e4 d6 5. f3 O-O 6. Be3 c6 7. Bd3 e5 8.
d5 cxd5 9. cxd5 Nbd7 10. Rc1 a6 11. Nge2 b5 12. O-O Bb7 13. Qd2 Rc8 14. Ng3 h5
15. a3 Nc5 16. Bc2 h4 17. Nge2 Nh7 18. b4 Nd7 19. Bd3 Nb6 20. Rc2 Nc4 21. Bxc4
Rxc4 22. Rfc1 Qd7 23. Nd1 f5 24. Nb2 fxe4 25. Nxc4 exf3 26. Bh6 fxe2 27. Bxg7
Qxg7 28. Nxd6 Rf1+ 29. Rxf1 exf1=R+ 30. Kxf1 Qf8+ 31. Qf2 Qxd6 32. Qxh4 Qxd5
33. Qe1 Nf6 34. Rd2 Qc4+ 35. Kg1 e4 36. Rd8+ Kg7 37. h3 Qc6 38. Qh4 Qb6+ 0-1

[Event "Quadzilla.1"]
[Site "Flint, MI"]
[Date "1997.10.04"]
[Round "1.2"]
[White "Walquist, Elaine"]
[Black "Vandivier, Don"]
[Result "0-1"]
[WhiteElo "1745"]
[BlackElo "1950"]
[PlyCount "74"]
[EventDate "1997.10.04"]

1. e4 c5 2. d4 cxd4 3. c3 dxc3 4. Nxc3 e6 5. Bc4 Nc6 6. Nf3 a6 7. O-O Qc7 8.
Qe2 Ne5 9. Bb3 Nxf3+ 10. Qxf3 Bd6 11. h3 Ne7 12. Be3 Ng6 13. Rac1 Qd8 14. Rfd1
Qe7 15. Na4 O-O 16. Nb6 Rb8 17. Qh5 Bf4 18. Bxf4 Nxf4 19. Qf3 Qf6 20. Rxd7 Bxd7
21. Nxd7 Qg5 22. Rc5 Qe7 23. Rc7 Qd6 24. Rc2 Nxh3+ 25. Qxh3 Qxd7 26. e5 Rbc8
27. Re2 Rc1+ 28. Kh2 Qd4 29. g3 Qd3 30. Qg4 b5 31. Kg2 Rd8 32. f4 a5 33. Rf2 a4
34. Bxa4 bxa4 35. f5 exf5 36. Rxf5 Qd5+ 37. Rf3 Rc2+ 0-1

[Event "Quadzilla.1"]
[Site "Flint, MI"]
[Date "1997.10.04"]
[Round "2.1"]
[White "Vandivier, Don"]
[Black "June, Brian"]
[Result "1-0"]
[WhiteElo "1950"]
[BlackElo "1803"]
[PlyCount "43"]
[EventDate "1997.10.04"]

1. e4 c5 2. Nf3 d6 3. d4 cxd4 4. Nxd4 Nf6 5. Nc3 Nc6 6. Bc4 g6 7. Nxc6 bxc6 8.
e5 d5 9. exf6 dxc4 10. Qxd8+ Kxd8 11. Bg5 e6 12. O-O-O+ Kc7 13. Ne4 Bb7 14.
Bf4+ Kc8 15. Bd6 Bh6+ 16. Kb1 Rd8 17. Nc5 Bf8 18. Be7 Bxe7 19. fxe7 Re8 20. Rd7
Rb8 21. Rhd1 Rxe7 22. Rxe7 1-0

[Event "Quadzilla.1"]
[Site "Flint, MI"]
[Date "1997.10.04"]
[Round "2.2"]
[White "Treacy, Joe"]
[Black "Moody, David"]
[Result "0-1"]
[WhiteElo "1653"]
[BlackElo "1994"]
[PlyCount "42"]
[EventDate "1997.10.04"]

1. e4 e5 2. Nf3 Nc6 3. Bb5 a6 4. Ba4 Nf6 5. O-O Be7 6. Re1 b5 7. Bb3 O-O 8. c3
d5 9. exd5 Nxd5 10. Nxe5 Nxe5 11. Rxe5 c6 12. Bxd5 cxd5 13. d4 Bd6 14. Re3 f5
15. Qh5 g6 16. Qh6 f4 17. Rf3 Re8 18. Kf1 Qe7 19. Bd2 Qe2+ 20. Kg1 Qe1+ 21.
Bxe1 Rxe1# 0-1

[Event "Quadzilla.2"]
[Site "Flint, MI"]
[Date "1997.10.04"]
[Round "2.5"]
[White "Saylor, Oliver"]
[Black "Maul, Tim"]
[Result "1-0"]
[WhiteElo "1299"]
[BlackElo "1600"]
[PlyCount "137"]
[EventDate "1997.10.04"]

1. e4 e5 2. Nf3 Nf6 3. Nc3 Bb4 4. d3 Nc6 5. Bd2 O-O 6. a3 Bc5 7. Be2 d5 8. Bg5
Be7 9. O-O Be6 10. Re1 h6 11. Bh4 d4 12. Nb1 a5 13. Nbd2 Nd7 14. Bg3 Bf6 15.
Nc4 Nc5 16. Ncxe5 Ne7 17. Nd2 g6 18. Nb3 Nxb3 19. cxb3 Bg7 20. Rc1 f6 21. Nf3
Nc6 22. Nh4 Kh7 23. Bg4 f5 24. exf5 gxf5 25. Rxe6 f4 26. Bf5+ Rxf5 27. Nxf5
fxg3 28. Nxg3 Qg5 29. Qe1 Rf8 30. Qe4+ Kh8 31. Re1 Nb8 32. Re5 Bxe5 33. Qxe5+
Qxe5 34. Rxe5 Nc6 35. Rd5 Rf7 36. Nf5 Kh7 37. Nxd4 Re7 38. Kf1 Nxd4 39. Rxd4
Kg7 40. g3 Kf6 41. Rf4+ Kg7 42. Kg2 Re2 43. Re4 Rxb2 44. Re7+ Kf6 45. Rxc7 Rxb3
46. d4 b5 47. Rc6+ Kg7 48. Rc5 b4 49. Rxa5 Rxa3 50. Rb5 Rb3 51. Kh3 Rb2 52. f4
b3 53. g4 Rd2 54. Rxb3 Rxd4 55. Kg3 Kf6 56. Rb6+ Kg7 57. f5 Rd5 58. Rb7+ Kf6
59. Rh7 Rd3+ 60. Kh4 Rd2 61. Rxh6+ Ke5 62. h3 Kf4 63. f6 Rd8 64. Rh5 Rf8 65.
Rf5+ Ke4 66. Kg3 Rc8 67. f7 Rf8 68. h4 Kd3 69. g5 1-0

[Event "Quadzilla.2"]
[Site "Flint, MI"]
[Date "1997.10.04"]
[Round "3.5"]
[White "Saylor, Oliver"]
[Black "Attaya, Jim"]
[Result "1-0"]
[WhiteElo "1299"]
[BlackElo "1553"]
[PlyCount "23"]
[EventDate "1997.10.04"]

1. e4 Nf6 2. Nc3 d5 3. e5 d4 4. exf6 dxc3 5. fxg7 cxd2+ 6. Qxd2 Qxd2+ 7. Bxd2
Bxg7 8. c3 Bf5 9. Nf3 Nd7 10. Be3 O-O-O 11. Bxa7 b6 12. Ba6# 1-0

[Event "Quadzilla.2"]
[Site "Flint, MI"]
[Date "1997.10.04"]
[Round "2.7"]
[White "Poniatowski, Don"]
[Black "Iyer, Krishnan"]
[Result "0-1"]
[WhiteElo "1233"]
[BlackElo "1511"]
[PlyCount "106"]
[EventDate "1997.10.04"]

1. e4 e6 2. d4 d5 3. Nd2 dxe4 4. Nxe4 Nf6 5. Nxf6+ Qxf6 6. Nf3 h6 7. Be3 Nd7 8.
Be2 Bd6 9. c3 b6 10. Bb5 O-O 11. Bxd7 Bxd7 12. O-O Bc6 13. Qe2 a5 14. Rfe1 Bxf3
15. Qxf3 Qxf3 16. gxf3 g5 17. a4 f6 18. Rad1 Kf7 19. d5 e5 20. c4 Rg8 21. h3 h5
22. Kf1 f5 23. Ke2 Rae8 24. Kd3 g4 25. fxg4 hxg4 26. hxg4 e4+ 27. Kc2 Rxg4 28.
Rf1 Kg6 29. Rg1 Rg8 30. Rxg4+ fxg4 31. Rh1 Kf6 32. Rg1 Kf5 33. Rg2 Bf4 34. Kd2
Rd8 35. Ke2 Rd6 36. Bd2 Bxd2 37. Kxd2 c6 38. Rh2 cxd5 39. Rh5+ Kf4 40. cxd5 e3+
41. fxe3+ Ke4 42. Ke2 Rxd5 43. Rxd5 Kxd5 44. Kf2 Ke4 45. Kg3 Kxe3 46. Kxg4 Kd3
47. Kf4 Kc4 48. Ke4 Kb4 49. Kd3 Kb3 50. Kd4 Kxa4 51. Kc3 b5 52. Kc2 Kb4 53. Kb1
Kb3 0-1

[Event "Quadzilla.2"]
[Site "Flint, MI"]
[Date "1997.10.04"]
[Round "1.6"]
[White "Poniatowski, Don"]
[Black "Attaya, Jim"]
[Result "0-1"]
[WhiteElo "1233"]
[BlackElo "1553"]
[PlyCount "110"]
[EventDate "1997.10.04"]

1. e4 Nf6 2. Nc3 d5 3. exd5 Nxd5 4. Nxd5 Qxd5 5. Nf3 Bf5 6. d4 Nc6 7. a3 O-O-O
8. Be3 f6 9. Bd3 Bxd3 10. Qxd3 e6 11. O-O Qh5 12. Qe2 e5 13. dxe5 fxe5 14. Rfe1
Bd6 15. Nd2 Qf5 16. Nc4 Rhe8 17. Nxd6+ Rxd6 18. Rad1 Rg6 19. f3 h5 20. b4 a6
21. c4 h4 22. b5 axb5 23. cxb5 Nd8 24. Rc1 b6 25. Bxb6 Rxb6 26. a4 Nb7 27. Rc6
Qf4 28. Rxb6 cxb6 29. Qc2+ Kb8 30. Qd1 Rd8 31. Qe2 Qd4+ 32. Qe3 Qxa4 33. Qxe5+
Ka8 34. Qa1 Qa7 35. g3 hxg3 36. hxg3 Na5 37. Rd1 Qc7 38. Rxd8+ Qxd8 39. Qxg7
Qd1+ 40. Kg2 Qe2+ 41. Kh3 Qf1+ 42. Kh4 Qxf3 43. Qc7 Qf6+ 44. Kh3 Qf5+ 45. Kh2
Qxb5 46. Qc8+ Ka7 47. Qc7+ Nb7 48. g4 Qe2+ 49. Kg3 Qe6 50. Kh4 Qh6+ 51. Kg3
Qd6+ 52. Qxd6 Nxd6 53. Kh4 b5 54. g5 b4 55. g6 Ne8 0-1

[Event "Quadzilla.2"]
[Site "Flint, MI"]
[Date "1997.10.04"]
[Round "3.8"]
[White "Paul, Dennis"]
[Black "Poniatowski, Don"]
[Result "1/2-1/2"]
[WhiteElo "1235"]
[BlackElo "1233"]
[PlyCount "110"]
[EventDate "1997.10.04"]

1. e4 Nf6 2. Nc3 d5 3. e5 d4 4. exf6 dxc3 5. bxc3 gxf6 6. Bc4 e6 7. d4 Nc6 8.
Be3 Rg8 9. Qf3 Be7 10. Ne2 Qd7 11. Rd1 b6 12. Bb5 Bb7 13. d5 exd5 14. Rxd5 Qg4
15. Qxg4 Rxg4 16. O-O Rd8 17. Rh5 a6 18. Bd3 Ne5 19. Ng3 Nxd3 20. cxd3 Rxd3 21.
Rxh7 Bd5 22. Rh8+ Kd7 23. Rh6 Rg6 24. Rh8 Rg4 25. h4 f5 26. h5 f4 27. Bd4 fxg3
28. f3 Rf4 29. h6 Rh4 30. Be5 c5 31. Bxg3 Rh5 32. Rb1 c4 33. Re1 Bc5+ 34. Bf2
Bxf2+ 35. Kxf2 Rd2+ 36. Re2 Rxe2+ 37. Kxe2 Rh2 38. Kf2 Be6 39. Kg3 Rh5 40. Kf4
f6 41. g4 Rh3 42. g5 fxg5+ 43. Kxg5 Rxf3 44. Rh7+ Kd6 45. Rg7 Rf5+ 46. Kg6 Rf1
47. h7 Rg1+ 48. Kf6 Rf1+ 49. Kg6 Rg1+ 50. Kf6 Rh1 51. Kg5 Rg1+ 52. Kf6 Rf1+ 53.
Kg5 Rg1+ 54. Kf6 Rf1+ 55. Kg5 Rg1+ 1/2-1/2

[Event "Quadzilla.2"]
[Site "Flint, MI"]
[Date "1997.10.04"]
[Round "2.8"]
[White "Paul, Dennis"]
[Black "Crist, Kevin"]
[Result "0-1"]
[WhiteElo "1235"]
[BlackElo "929"]
[PlyCount "52"]
[EventDate "1997.10.04"]

1. e4 e5 2. Bc4 d6 3. Nc3 Be7 4. Nf3 Bg4 5. d3 Nf6 6. Bxf7+ Kxf7 7. Ng5+ Kg8 8.
f3 Bd7 9. Be3 Nh5 10. Qd2 Nf4 11. Bxf4 exf4 12. Qxf4 Bxg5 13. Qxg5 Qxg5 14. O-O
Bh3 15. g3 Bxf1 16. Rxf1 Nc6 17. f4 Qc5+ 18. Kg2 g6 19. a3 Nd4 20. Rf2 Rf8 21.
Na4 Qh5 22. c3 Ne6 23. d4 g5 24. f5 g4 25. Kg1 Ng5 26. e5 Nh3+ 0-1

[Event "Quadzilla.1"]
[Site "Flint, MI"]
[Date "1997.10.04"]
[Round "1.3"]
[White "Morris, Jewell"]
[Black "Treacy, Joe"]
[Result "0-1"]
[WhiteElo "1839"]
[BlackElo "1653"]
[PlyCount "66"]
[EventDate "1997.10.04"]

1. d4 Nf6 2. c4 c5 3. d5 b5 4. cxb5 a6 5. Nc3 axb5 6. Nxb5 d6 7. Nc3 g6 8. e4
Bg7 9. Bb5+ Bd7 10. Bxd7+ Nbxd7 11. Nf3 O-O 12. O-O Qb6 13. Qc2 Rfb8 14. Rb1
Qb5 15. a3 Qb7 16. h3 Nb6 17. Nd2 Nfd7 18. b4 cxb4 19. Rxb4 Qc7 20. Bb2 Bxc3
21. Rb3 Na4 22. Rxb8+ Rxb8 23. Bxc3 Nxc3 24. Rc1 Rc8 25. Nb3 Nb6 26. Nd4 Ne2+
27. Qxe2 Qxc1+ 28. Kh2 Rc3 29. g3 Nd7 30. Qb5 Ne5 31. Qe8+ Kg7 32. Ne2 Qf1 33.
Nxc3 Nf3# 0-1

[Event "Quadzilla.1"]
[Site "Flint, MI"]
[Date "1997.10.04"]
[Round "3.1"]
[White "Moody, David"]
[Black "Vandivier, Don"]
[Result "1-0"]
[WhiteElo "1994"]
[BlackElo "1950"]
[PlyCount "53"]
[EventDate "1997.10.04"]

1. e4 c5 2. d4 cxd4 3. c3 dxc3 4. Nxc3 d6 5. Nf3 a6 6. Bc4 Nf6 7. e5 Qc7 8.
Bxf7+ Kxf7 9. Ng5+ Kg6 10. exf6 gxf6 11. Nd5 Qc4 12. b3 Qg4 13. f3 Qf5 14. Ne4
Qe5 15. Bf4 Qf5 16. g4 Qd7 17. Nb6 Qd8 18. Nxa8 e5 19. Be3 d5 20. Bb6 Bb4+ 21.
Kf2 Qe7 22. Qxd5 Be6 23. Qd3 Kf7 24. a3 Nc6 25. axb4 Rxa8 26. Bc5 Nxb4 27. Nd6+
1-0

[Event "Quadzilla.2"]
[Site "Flint, MI"]
[Date "1997.10.04"]
[Round "1.5"]
[White "Maul, Tim"]
[Black "Paul, Dennis"]
[Result "1-0"]
[WhiteElo "1600"]
[BlackElo "1235"]
[PlyCount "89"]
[EventDate "1997.10.04"]

1. d4 e6 2. e4 d5 3. Nc3 c5 4. exd5 cxd4 5. Qxd4 exd5 6. Qxd5 Bd6 7. Nf3 Ne7 8.
Bb5+ Nbc6 9. Qg5 O-O 10. O-O Nb4 11. Ba4 Bd7 12. Bb3 h6 13. Qe3 Be6 14. Nd4 Bc5
15. Nxe6 Bxe3 16. Nxd8 Bxc1 17. Bxf7+ Rxf7 18. Nxf7 Kxf7 19. Raxc1 Nf5 20. a3
Nc6 21. Nd5 Rc8 22. c4 Nfd4 23. f4 Ne2+ 24. Kf2 Nxc1 25. Rxc1 Nd4 26. b4 b5 27.
c5 Ke6 28. Ne3 Nb3 29. Rd1 a5 30. Rd6+ Kf7 31. Rb6 axb4 32. axb4 Nd4 33. Nd5
Re8 34. Nc3 Kg8 35. Nxb5 Re2+ 36. Kf1 Rd2 37. Nxd4 Rxd4 38. g3 h5 39. c6 Rd6
40. b5 Kh7 41. c7 Rxb6 42. c8=Q Rxb5 43. Qc2+ g6 44. Qc7+ Kg8 45. Qd8+ 1-0

[Event "Quadzilla.1"]
[Site "Flint, MI"]
[Date "1997.10.04"]
[Round "3.3"]
[White "June, Brian"]
[Black "Treacy, Joe"]
[Result "1-0"]
[WhiteElo "1803"]
[BlackElo "1653"]
[PlyCount "83"]
[EventDate "1997.10.04"]

1. d4 Nf6 2. c4 c5 3. e3 d6 4. Nf3 g6 5. Nc3 Nbd7 6. Be2 Bg7 7. O-O O-O 8. Qc2
b6 9. b3 Bb7 10. Bb2 Re8 11. Rad1 Qc7 12. Rd2 Rec8 13. Nb5 Qb8 14. d5 a6 15.
Nc3 b5 16. Rb1 bxc4 17. bxc4 Qa7 18. Ne4 Rab8 19. Nxf6+ Nxf6 20. Rdd1 a5 21.
Ba1 Ba6 22. Rxb8 Rxb8 23. Rb1 Rxb1+ 24. Qxb1 Nxd5 25. Bxg7 Kxg7 26. cxd5 Bxe2
27. Qb2+ f6 28. Qxe2 Qb7 29. Qd1 Qb4 30. Qb3 Qe4 31. Nd2 Qg4 32. f3 Qc8 33. Qb5
Qc7 34. Nc4 Kf7 35. a4 Qa7 36. Nxa5 Qa8 37. Nc6 Qc8 38. a5 Qa8 39. a6 Qc8 40.
Qb7 Qf5 41. Qxe7+ Kg8 42. Qe6+ 1-0